<?xml version="1.0" encoding="UTF-8"?>
<record
    xmlns:xsi="http://www.w3.org/2001/XMLSchema-instance"
    xsi:schemaLocation="http://www.loc.gov/MARC21/slim http://www.loc.gov/standards/marcxml/schema/MARC21slim.xsd"
    xmlns="http://www.loc.gov/MARC21/slim">

  <leader>00489nam a22001217a 4500</leader>
  <controlfield tag="008">190313b        xxu||||| |||| 00| 0 eng d</controlfield>
  <datafield tag="082" ind1=" " ind2=" ">
    <subfield code="a">707</subfield>
    <subfield code="b">AN557c</subfield>
  </datafield>
  <datafield tag="100" ind1=" " ind2=" ">
    <subfield code="a">S&#xF8;ren Andreasen y Lars Bang Larsen (Editores)</subfield>
    <subfield code="9">6942</subfield>
  </datafield>
  <datafield tag="245" ind1=" " ind2=" ">
    <subfield code="a">The Critical Mass of Mediation </subfield>
  </datafield>
  <datafield tag="260" ind1=" " ind2=" ">
    <subfield code="a">Copenhagen, Denmark</subfield>
    <subfield code="b">Internationalistisk Ideale</subfield>
    <subfield code="c">2014</subfield>
  </datafield>
  <datafield tag="300" ind1=" " ind2=" ">
    <subfield code="a">134 p.</subfield>
    <subfield code="b">ill. </subfield>
    <subfield code="c">18 cm</subfield>
  </datafield>
  <datafield tag="650" ind1=" " ind2=" ">
    <subfield code="2">Arte Contempor&#xE1;neo</subfield>
    <subfield code="v">Curadur&#xED;a</subfield>
    <subfield code="x">Arte - pol&#xED;tica</subfield>
    <subfield code="y">Arte - aspectos sociales</subfield>
    <subfield code="y">Arte - estudio </subfield>
    <subfield code="y">Arte - teor&#xED;a</subfield>
    <subfield code="9">6943</subfield>
  </datafield>
  <datafield tag="999" ind1=" " ind2=" ">
    <subfield code="c">1741</subfield>
    <subfield code="d">1741</subfield>
  </datafield>
  <datafield tag="952" ind1=" " ind2=" ">
    <subfield code="0">0</subfield>
    <subfield code="1">0</subfield>
    <subfield code="2">ddc</subfield>
    <subfield code="4">0</subfield>
    <subfield code="7">0</subfield>
    <subfield code="a">LV</subfield>
    <subfield code="b">LV</subfield>
    <subfield code="c">Pensamiento</subfield>
    <subfield code="d">2019-03-13</subfield>
    <subfield code="l">0</subfield>
    <subfield code="o">707 AN557c</subfield>
    <subfield code="p">004758</subfield>
    <subfield code="r">2019-03-13 00:00:00</subfield>
    <subfield code="w">2019-03-13</subfield>
    <subfield code="y">01</subfield>
  </datafield>
</record>
